Online
Catalog

Memorias de la Escuela Nacional de Formación Electoral y del Estado Civil (EFEC) 2009-2010 / (Record no. 50036)

MARC details
000 -CABECERA
campo de control de longitud fija 01988nam a2200325 i 4500
003 - IDENTIFICADOR DEL NÚMERO DE CONTROL
campo de control DO-SdBNP
005 - FECHA Y HORA DE LA ÚLTIMA TRANSACCIÓN
campo de control 20240704114906.0
007 - CAMPO FIJO DE DESCRIPCIÓN FÍSICA--INFORMACIÓN GENERAL
campo de control de longitud fija ta
008 - DATOS DE LONGITUD FIJA--INFORMACIÓN GENERAL
campo de control de longitud fija 210702e2010 dr ac||ery||| 001 u spa d
020 ## - NÚMERO INTERNACIONAL ESTÁNDAR DEL LIBRO
Número Internacional Estándar del Libro 9789945470000
040 ## - FUENTE DE LA CATALOGACIÓN
Centro catalogador/agencia de origen DO-SdBNP
Lengua de catalogación spa
Centro/agencia transcriptor BNPHU
Normas de descripción rda
041 ## - CÓDIGO DE LENGUA
Código de lengua original spa
082 #4 - NÚMERO DE LA CLASIFICACIÓN DECIMAL DEWEY
Número de clasificación 324.6097293
Número de documento/Ítem R426m, 2009-2010
Número de edición 22
110 1# - ENTRADA PRINCIPAL--NOMBRE DE ENTIDAD CORPORATIVA
Nombre de entidad corporativa o nombre de jurisdicción como elemento de entrada República Dominicana.
Unidad subordinada Junta Central Electoral
Término indicativo de función/relación Escuela Nacional de Formación Electroral y del Estado Civil.
9 (RLIN) 64605
245 12 - MENCIÓN DE TÍTULO
Título Memorias de la Escuela Nacional de Formación Electoral y del Estado Civil (EFEC) 2009-2010 /
Mención de responsabilidad, etc. compilado por Lissette Pamela Santana ; prólogo, Aura Celeste Fernández Rodríguez
264 ## - PRODUCCIÓN, PUBLICACIÓN, DISTRIBUCIÓN, FABRICACIÓN Y COPYRIGHT
Producción, publicación, distribución, fabricación y copyright Santo Domingo :
Nombre del de productor, editor, distribuidor, fabricante Junta Central Electoral,
-- Escuela Nacional de Formación Electroral y del Estado Civil,
Fecha de producción, publicación, distribución, fabricación o copyright 2010.
300 ## - DESCRIPCIÓN FÍSICA
Extensión 448 páginas :
Otras características físicas ilustraciones, fotos y retratos.
Dimensiones 25 cm
336 ## - TIPO DE CONTENIDO
Fuente rdacontent
Término de tipo de contenido texto
Código de tipo de contenido txt
337 ## - TIPO DE MEDIO
Fuente rdamedia
Nombre/término del tipo de medio sin mediación
Código del tipo de medio n
338 ## - TIPO DE SOPORTE
Fuente rdacarrier
Nombre/término del tipo de soporte volumen
Código del tipo de soporte nc
505 00 - NOTA DE CONTENIDO CON FORMATO
Nota de contenido con formato Prólogo.
Información miscelánea Capítulo I:
Título La EFEC : institución, estrategias y políticas de formación.--
Información miscelánea Capítulo II:
Título Programas implementados.--
Información miscelánea Capítulo III:
Título Convenios.--
Información miscelánea Capítulo IV:
Título Biblioteca.--
Información miscelánea Capítulo V:
Título Actividades académicas de extensión.--
Información miscelánea Capítulo VI:
Título Publicaciones.--
Información miscelánea Capítulo VII:
Título Reporte financiero.--
Información miscelánea Capítulo VIII:
Título Logros, planes futuros y proyecciones.--
Información miscelánea Capítulo IX:
Título Discursos.--
Información miscelánea Capítulo X:
Título Normativa.--
Información miscelánea Capítulo XI:
Título Agenda institucional.
590 ## - NOTA LOCAL (RLIN)
Nota local Inventariado 2021 / MF
610 14 - PUNTO DE ACCESO ADICIONAL DE MATERIA--NOMBRE DE ENTIDAD CORPORATIVA
Nombre de entidad corporativa o nombre de jurisdicción como elemento de entrada República Dominicana.
Unidad subordinada Junta Central Electoral
-- Escuela Nacional de Formación Electoral y del Estado Civil
Subdivisión de forma 2009-2010
9 (RLIN) 79271
651 #4 - PUNTO DE ACCESO ADICIONAL DE MATERIA--NOMBRE GEOGRÁFICO
Nombre geográfico República Dominicana
Subdivisión general Política y gobierno
Subdivisión cronológica 2009-2010
9 (RLIN) 79270
700 12 - PUNTO DE ACCESO ADICIONAL--NOMBRE DE PERSONA
Nombre de persona Santana , Lissette Pamela,
Término indicativo de función/relación compiladora
9 (RLIN) 79075
700 12 - PUNTO DE ACCESO ADICIONAL--NOMBRE DE PERSONA
Nombre de persona Fernández Rodríguez, Aura Celeste,
Fechas asociadas al nombre 1959-
Término indicativo de función/relación pról.
9 (RLIN) 76547
700 #2 - PUNTO DE ACCESO ADICIONAL--NOMBRE DE PERSONA
9 (RLIN) 22136
Nombre de persona Paulino, Nurys
Término indicativo de función/relación ed.
910 ## - DATOS DE OPCIÓN DEL USUARIO (OCLC)
Datos de opción del usuario Validado. Control de calidad MFF
942 ## - ELEMENTOS DE PUNTO DE ACCESO ADICIONAL (KOHA)
Fuente del sistema de clasificación o colocación Dewey Decimal Classification
Tipo de ítem Koha Libro
Holdings
Estado de retiro Estado de pérdida Fuente del sistema de clasificación o colocación Restricciones de uso No para préstamo Código de colección Localización permanente Ubicación/localización actual Ubicación en estantería Fecha de adquisición Fuente de adquisición Total de préstamos Signatura topográfica completa Código de barras Fecha visto por última vez Precio válido a partir de Tipo de ítem Koha Número de copia
    Dewey Decimal Classification Excluido de préstamo   Patrimonio Dominicano Biblioteca Nacional Pedro Henríquez Ureña Biblioteca Nacional Pedro Henríquez Ureña Depósito 10.09.2018 Depósito legal   BNPHU PD 324.6097293 R426m 2009-2010 2021-2348 02.07.2021 02.07.2021 Libro  
    Dewey Decimal Classification Excluido de préstamo   Patrimonio Dominicano Biblioteca Nacional Pedro Henríquez Ureña Biblioteca Nacional Pedro Henríquez Ureña Depósito 10.09.2018 Depósito legal   BNPHU PD 324.6097293 R426m 2009-2010 2021-2349 02.07.2021 02.07.2021 Libro e.2
    Dewey Decimal Classification Préstamo en sala   Dominicana de Servicio Biblioteca Nacional Pedro Henríquez Ureña Biblioteca Nacional Pedro Henríquez Ureña Depósito 10.09.2018 Depósito legal   BNPHU DS 324.6097293 R426m 2009-2010 2021-2350 02.07.2021 02.07.2021 Libro e.3

Powered by Koha